<?xml version="1.0" encoding="UTF-8"?><?xml-stylesheet type="text/xsl" href="static/style.xsl"?><OAI-PMH xmlns="http://www.openarchives.org/OAI/2.0/" xmlns:xsi="http://www.w3.org/2001/XMLSchema-instance" xsi:schemaLocation="http://www.openarchives.org/OAI/2.0/ http://www.openarchives.org/OAI/2.0/OAI-PMH.xsd"><responseDate>2026-06-01T02:19:52Z</responseDate><request verb="GetRecord" identifier="oai:riuma.uma.es:10630/30556" metadataPrefix="marc">https://riuma.uma.es/rest/oai/request</request><GetRecord><record><header><identifier>oai:riuma.uma.es:10630/30556</identifier><datestamp>2026-02-03T11:49:50Z</datestamp><setSpec>com_10630_2254</setSpec><setSpec>col_10630_37959</setSpec></header><metadata><record xmlns="http://www.loc.gov/MARC21/slim" xmlns:dcterms="http://purl.org/dc/terms/" xmlns:doc="http://www.lyncode.com/xoai" xmlns:xsi="http://www.w3.org/2001/XMLSchema-instance" xsi:schemaLocation="http://www.loc.gov/MARC21/slim http://www.loc.gov/standards/marcxml/schema/MARC21slim.xsd">
   <leader>00925njm 22002777a 4500</leader>
   <datafield ind2=" " ind1=" " tag="042">
      <subfield code="a">dc</subfield>
   </datafield>
   <datafield ind2=" " ind1=" " tag="720">
      <subfield code="a">Márquez-Casero, María Victoria</subfield>
      <subfield code="e">author</subfield>
   </datafield>
   <datafield ind2=" " ind1=" " tag="720">
      <subfield code="a">Del-Río-Fernández, María del Pilar</subfield>
      <subfield code="e">author</subfield>
   </datafield>
   <datafield ind2=" " ind1=" " tag="260">
      <subfield code="c">2024</subfield>
   </datafield>
   <datafield ind2=" " ind1=" " tag="520">
      <subfield code="a">"Hablamos de artista, hablamos de docente,… Hablamos de vocación e investigación."&#xd;
"¿Por qué no se permite que ambas puedan convivir? ¿Por qué se penaliza hoy día, en investigación, la interdisciplinariedad? Si te evalúan desde el ámbito artístico, te penalizan los méritos de educación.  Si te evalúan desde el ámbito educativo te penalizan los méritos artísticos. Y la pregunta que planteo es; Si hablamos de arte en educación y, si las personas que imparten docencia, en Bellas Artes, se les evalúa, valga la redundancia, como docentes, se les valora la docencia impartida, por qué hay que discriminar a unos u otros según el lugar en el que se imparta o según donde se hable o expresen a través del arte.  Si partimos del mismo requisito, la licenciatura o el grado en Bellas Artes, si tomamos como base el conocimiento, y la Expresión a través del Arte, la Expresión Artística, y si realmente buscamos el desarrollo integral del alumnado y no mostrar lo bueno o buena que soy a nivel artístico o a nivel docente, qué diferencia hay entre un grupo u otros de docentes. Cuando una docente o un docente posee experiencia artística, los beneficiados son los discentes, porque comparte su propia experiencia artística con el alumnado. Si el artista tiene experiencia y vocación docente,  conseguirá, no solo transmitir su experiencia artística, sino que, con las herramientas educativas adecuadas, conseguirá que los actores implicados logren un mejor rendimiento en su proceso creativo y personal."&#xd;
"Por lo indicado lanzo la pregunta al respecto:"&#xd;
"¿Por qué el sistema universitario actual castiga esta controversia, y por qué es un impedimento para que el docente pueda continuar su andanza en “esta magnífica carrera”?"</subfield>
   </datafield>
   <datafield ind1="8" ind2=" " tag="024">
      <subfield code="a">https://hdl.handle.net/10630/30556</subfield>
   </datafield>
   <datafield tag="653" ind2=" " ind1=" ">
      <subfield code="a">Profesores de arte</subfield>
   </datafield>
   <datafield ind2="0" ind1="0" tag="245">
      <subfield code="a">Docente artista. Investigación precaria.</subfield>
   </datafield>
</record>
</metadata></record></GetRecord></OAI-PMH>